| 000 | 03520nam a2200361 i 4500 | ||
|---|---|---|---|
| 003 | DO-SdBNP | ||
| 005 | 20250911102243.0 | ||
| 007 | ta | ||
| 008 | 240701b2024 dr ||||| |||| 00| 0 spa d | ||
| 020 | _a9789945250954 | ||
| 040 |
_aDO-SdBNP _bspa _cBNPHU _erda |
||
| 041 | _aspa | ||
| 082 | 4 |
_axxx _bM385h _222 |
|
| 100 |
_aMartínez Moya, Arturo, _961113 _eautor _4aut. |
||
| 245 | 1 | 0 |
_aHistoria impositiva del pueblo dominicano : _bcrecimiento de la economía y de los ingresos fiscales 1844-2012 / _cArturo Martínez Moya ; diagramación y cubierta, Juan Francisco Domínguez Novas ; corrección, William Capellán Ferreira. |
| 250 | _aPrimera edición | ||
| 264 | 4 |
_aSanto Domingo, República Dominicana : _bArchivo General de la Nación, _c©2024. |
|
| 300 |
_a452 páginas ; _c23 cm. |
||
| 336 |
_atexto _btxt _2rdacontent |
||
| 337 |
_asin mediación _bn _2rdamedia |
||
| 338 |
_avolumen _bnc _2rdacarrier |
||
| 490 |
_aArchivo General de la Nación _v503 |
||
| 500 | _aIncluye datos biográficos del autor en las solapas | ||
| 500 | _aIncluye índice onomástico e índices de cuadros y gráficos | ||
| 500 | _aIncluye referencias bibliográficas y notas al pie de las páginas | ||
| 504 | _aBibliografía: páginas 431-434 | ||
| 505 | _aPRESENTACIÓN, 11-- INTRODUCCIÓN, 15-- SÍNTESIS. CON EL TIEMPO TODO CAMBIÓ, 31-- Evolución de la economía y de la tributación, 31-- Reformas estructurales en la década de los noventa siglos XX, 66-- Arancel medio a las importaciones y evasión impositiva, 77-- Arancel maximizador de los ingresos fiscales, 97-- Regla fiscal teórica y gestión presupuestaria, 99-- Disciplina fiscal y sector exterior, 106-- EL PRIMER MODELO TRIBUTARIO, 111-- La Primera República (1844-1861), 111-- Los cambios tributarios durante los años de la anexión a España (1862-1865), 128-- AZÚCAR, PRINCIPAL CONTRIBUYENTE DEL FISCO, 131-- La Segunda República (1866-1916), 131-- Cambios en la estructura impositiva durante los años 1917-1924 de gobierno militar de Estados Unidos, 167-- AUMENTA LA CONTRIBUCIÓN DEL IMPUESTO INTERNO, 177-- Los primeros años de la Tercera República. Gobierno de Horacio Vásquez (1924-1930), 177-- Sobre las reformas departamentales que recomendó Charles G. Dawes, 210-- Los 30 años de la dictadura de Trujillo (1931-1961), 211-- POPULISMO TRIBUTARIO, 257-- Gobiernos transitorios de Joaquín Balaguer, Consejos de Estado, Juan Bosch y Triunvirato (1961-1965), 257-- SURGEN NUEVOS CONTRIBUYENTES, 267-- Etapa democrática : gobierno provisional de Héctor García Godoy y el de los Doce Años de Joaquín Balaguer (1966-1978), 267-- CAMBIA LA ESTRUCTURA IMPOSITIVA, 273-- Gobierno de Antonio Guzmán (1978-1982), 273-- Gobierno de Salvador Jorge Blanco (1982-1986), 280-- UN MODELO TRIBUTARIO DIFERENTE, 285-- Gobierno de los Diez Años de Joaquín Balaguer (1986-1996), 285-- DISTORSIONES EN EL NUEVO MODELO TRIBUTARIO, 295-- Gobierno de Leonel Fernández (1996- 2000), 295-- QUIEBRA BANCARIA COMPROMETE LAS FINANZAS PÚBLICAS, 301-- Gobierno de Hipólito Mejía (2000-2004), 301-- DÉFICIT FISCAL AUMENTA ENDEUDAMIENTO PÚBLICO, 315-- Gobierno de los ocho años de Leonel Fernández (2005-2012), 317-- CONSIDERACIONES FINALES, 335; ANEXO, 341; BIBLIOGRAFÍA, 431; y ÍNDICES DE CUADROS Y GRÁFICOS, 435 | ||
| 590 | _aInventariado, 2024/BT | ||
| 700 | 1 |
_aCapellán Ferreira, William, _ecorrección _985905 _4coorr. |
|
| 700 | 1 |
_aDomínguez Novas, Juan Francisco _ediagramador _4diagr. _973382 |
|
| 910 | _aBtavárez | ||
| 942 |
_2ddc _cLBS1 |
||
| 999 |
_c57090 _d57090 |
||